Social impact assessment : (Record no. 9000)

MARC details
000 -LEADER
fixed length control field 01126cam a22003257a 4500
001 - CONTROL NUMBER
control field 12480782
003 - CONTROL NUMBER IDENTIFIER
control field OSt
005 - DATE AND TIME OF LATEST TRANSACTION
control field 20240628093845.0
008 - FIXED-LENGTH DATA ELEMENTS--GENERAL INFORMATION
fixed length control field 010724s2000 enka b 001 0 eng d
010 ## - LIBRARY OF CONGRESS CONTROL NUMBER
LC control number 2001270145
020 ## - INTERNATIONAL STANDARD BOOK NUMBER
International Standard Book Number 0340742178 (hb)
020 ## - INTERNATIONAL STANDARD BOOK NUMBER
International Standard Book Number 0340742186 (pb)
035 ## - SYSTEM CONTROL NUMBER
System control number (OCoLC)ocm45860278
040 ## - CATALOGING SOURCE
Transcribing agency must
042 ## - AUTHENTICATION CODE
Authentication code lccopycat
050 00 - LIBRARY OF CONGRESS CALL NUMBER
Classification number HN49.C6
Item number B37 2000
082 ## - DEWEY DECIMAL CLASSIFICATION NUMBER
Classification number 303.38 BAR 2000
100 1# - MAIN ENTRY--PERSONAL NAME
Personal name Barrow, Christopher J.
9 (RLIN) 7695
245 10 - TITLE STATEMENT
Title Social impact assessment :
Remainder of title an introduction /
Statement of responsibility, etc. C.J. Barrow.
260 ## - PUBLICATION, DISTRIBUTION, ETC. (IMPRINT)
Place of publication, distribution, etc. London :
Name of publisher, distributor, etc. Arnold ;
Place of publication, distribution, etc. New York :
Name of publisher, distributor, etc. Oxford University Press,
Date of publication, distribution, etc. 2000.
300 ## - PHYSICAL DESCRIPTION
Extent viii, 230 p. :
Other physical details ill. ;
Dimensions 24 cm.
504 ## - BIBLIOGRAPHY, ETC. NOTE
Bibliography, etc Includes bibliographical references and index.
650 #0 - SUBJECT ADDED ENTRY--TOPICAL TERM
Topical term or geographic name as entry element Community development
General subdivision Social aspects.
9 (RLIN) 18269
650 #0 - SUBJECT ADDED ENTRY--TOPICAL TERM
Topical term or geographic name as entry element Social planning.
9 (RLIN) 18270
650 #0 - SUBJECT ADDED ENTRY--TOPICAL TERM
Topical term or geographic name as entry element Social change.
9 (RLIN) 7390
856 42 - ELECTRONIC LOCATION AND ACCESS
Materials specified Publisher description
Uniform Resource Identifier http://www.loc.gov/catdir/enhancements/fy0611/2001270145-d.html
906 ## - LOCAL DATA ELEMENT F, LDF (RLIN)
a 7
b cbc
c copycat
d 2
e ncip
f 20
g y-gencatlg
942 ## - ADDED ENTRY ELEMENTS (KOHA)
Source of classification or shelving scheme Dewey Decimal Classification
Koha item type Open Shelf
Holdings
Withdrawn status Lost status Source of classification or shelving scheme Damaged status Not for loan Home library Current library Date acquired Source of acquisition Inventory number Total Checkouts Full call number Barcode Date last seen Price effective from Koha item type
    Dewey Decimal Classification     MUST Main Library MUST Main Library 28/06/2024 Donation 05/23349   303.38 BAR 2000 2024-21575 28/06/2024 28/06/2024 Open Shelf